Normale Ansicht MARC-Ansicht ISBD

Central and Eastern Europe after the First World War (Titelsatznr. 72764)

[ MARC ]
MARC-Details
000 -Satzkennung
Kontrollfeld mit fester Länge 01288namaa2200313 cb4500
001 - Kontrollnummer
Kontrollfeld BV005305351
003 - Kontrollnummer Identifier
Kontrollfeld DE-70
005 - Datum und Zeit der letzten Transaktion
Kontrollfeld 20250902132029.0
007 - Feld mit fester Länge zur physischen Beschreibung - Allgemeine Information
Kontrollfeld mit fester Länge tu
007 - Feld mit fester Länge zur physischen Beschreibung - Allgemeine Information
Kontrollfeld mit fester Länge 7
008 - Feld mit fester Länge zur physischen Beschreibung - Allgemeine Angaben
Kontrollfeld mit fester Länge 920527s1980 a||| |||| 00||| und d
020 ## - Internationale Standardbuchnummer
Internationale Standardbuchnummer 9783112206492
Verknüpfung 978-3-11-220649-2
024 ## - Anderer Standardidentifier
Standardnummer oder Code 9783112206492
-- 978-3-11-220649-2
040 ## - Katalogisierungsquelle
Übertragungsstelle RU-10907106
041 ## - Sprachcode
Sprachcode des Textes/der Tonspur oder des separaten Titels eng
100 ## - Haupteintragung - Personenname
Personenname Olschowsky, Burkhard (Hrsg.); Juszkiewicz, Piotr (Hrsg.); Rydel, Jan (Hrsg.)
Funktionsbezeichnungscode aut
Koha-Normdatenidentnummer 66814
245 ## - Titel
Titel Central and Eastern Europe after the First World War
Verfasserangabe etc. Edited by Burkhard Olschowsky, Piotr Juszkiewicz, Jan Rydel Translated by Sarah Patey et al.
264 ## - Produktion, Veröffentlichung, Distribution, Herstellung und Urheberrechtsvermerk
Herstellungs-, Veröffentlichungs- Vertriebs-, Erzeugungsort Berlin/München/Boston
Produzent, Herausgeber, Distributor, Hersteller De Gruyter; De Gruyter Oldenbourg
Datum der Herstellung, der Veröffentlichung, des Vertriebs oder des Urheberschutzvermerks 2021
300 ## - Physische Beschreibung
Umfang 436 Seiten
336 ## - Inhaltstyp
Quelle rdacontent
Inhaltstypcode txt
Inhaltstypterm Text
337 ## - Medientyp
Quelle rdamedia
Medientypcode bc
Bezeichnung des Medientyps Computermedien
338 ## - Datenträgertyp
Quelle rdacarrier
Datenträgertypcode cr
Datenträgertypbezeichnung Online Ressource
490 ## - Gesamttitelangabe
Gesamttitelangabe Schriften des Bundesinstituts fèur Kultur und Geschichte der Deutschen im èostlichen Euro
500 ## - Allgemeine Fußnote
Allgemeine Fußnote E-Book / Open Access
506 ## - Fußnote zu Zugangsbeschränkungen
Zugangsbedingungen frei zugänglich / Bitte beachten Sie die Lizenzbestimmungen im Dokument
655 ## - Indexierungsterm - Genre/Form
Genre/Form oder fokussierter Term Open Access
856 ## - Elektronische Adresse und Zugriff
OPAC-Notiz frei zugänglich
URL <a href="https://dokumen.pub/central-and-eastern-europe-after-the-first-world-war-9783110757163-9783110597158.html">https://dokumen.pub/central-and-eastern-europe-after-the-first-world-war-9783110757163-9783110597158.html</a>
942 ## - Zusätzliche Felder (Koha)
Koha-Medientyp E-Books
Klassifikation oder Aufstellungssystematik Andere/Generische Klassifikation
Exemplare
Ausgeschieden Verloren Klassifikation oder Aufstellungssystematik Beschädigt Nicht entleihbar Heimatbibliothek Aufenthaltsbibliothek Aufstellungsort Erwerbungsdatum Inventarnummer Signatur Barcode Letzte Aktivität Preis gültig von Koha-Medientyp
    Andere/Generische Klassifikation     MWN Osteuropa MWN Osteuropa Online-Ressource 02/09/2025 25-e00804 E-25-e00804 | W 62 F b Ols (E-Book) 75679 02/09/2025 02/09/2025 E-Books